000 00674nam a22002057a 4500
999 _c175314
_d175314
005 20200824113545.0
010 _aENG-128369
020 _c639.00
_a9789353439408
035 _aEN-111901
037 _bDBAD/PUB
082 _a620.00151
100 _aDas,P.Sivaramakrishna
245 _aEngineering Mathematics-I/
_cby P.Sivaramakrishna Das
250 _a4th ed.
260 _aNoida
_bPearson
_c2020
270 _a15th floor,Tower-B,Word Trade Tower,Plot no.1,Block-C sec 16,
_bNoida
_e201301
_k04466540100
_mcompanysecretary.india@pearson.com
300 _avarious pages.
_c25cm(pbk)
500 _aincludes index
942 _2ddc
_cEN
_h620.00151
_mDAS